Material Development in Language Teaching (Record no. 4884)
[ view plain ]
| 000 -LEADER | |
|---|---|
| fixed length control field | 00488nam a2200169Ia 4500 |
| 008 - FIXED-LENGTH DATA ELEMENTS--GENERAL INFORMATION | |
| fixed length control field | 151213s9999 xx 000 0 und d |
| 020 ## - INTERNATIONAL STANDARD BOOK NUMBER | |
| International Standard Book Number | 987-0-521-57419-8 |
| 082 ## - DEWEY DECIMAL CLASSIFICATION NUMBER | |
| Classification number | 418.007 |
| Item number | 418.007 |
| 100 ## - MAIN ENTRY--PERSONAL NAME | |
| Personal name | By-Brain Tomlinson |
| 245 ## - TITLE STATEMENT | |
| Title | Material Development in Language Teaching |
| Statement of responsibility, etc. | By-Brain Tomlinson |
| 260 ## - PUBLICATION, DISTRIBUTION, ETC. (IMPRINT) | |
| Place of publication, distribution, etc. | U.K |
| Name of publisher, distributor, etc. | Cambirdge university press |
| Date of publication, distribution, etc. | 1998 |
| 300 ## - PHYSICAL DESCRIPTION | |
| Extent | 10715 p. |
| 650 ## - SUBJECT ADDED ENTRY--TOPICAL TERM | |
| Topical term or geographic name as entry element | English Language |
| 650 ## - SUBJECT ADDED ENTRY--TOPICAL TERM | |
| Topical term or geographic name as entry element | English Language |
| 700 ## - ADDED ENTRY--PERSONAL NAME | |
| Personal name | By-Brain Tomlinson |
No items available.
